AH International Schools' Libraries

(Khmer) The myth of Sopasith / (Record no. 49192)

MARC details
000 -LEADER
fixed length control field 00283nam a2200097 4500
020 ## - INTERNATIONAL STANDARD BOOK NUMBER
International Standard Book Number 9789996301438
245 ## - TITLE STATEMENT
Title (Khmer) The myth of Sopasith /
Statement of responsibility, etc Kimsun Sotheary.
260 ## - PUBLICATION, DISTRIBUTION, ETC. (IMPRINT)
Place of publication, distribution, etc Cambodia:
Name of publisher, distributor, etc The world of stories;
Date of publication, distribution, etc 2011.
300 ## - PHYSICAL DESCRIPTION
Extent 107 p.
Other physical details col. ill.
Dimensions 20 cm.
942 ## - ADDED ENTRY ELEMENTS (KOHA)
Source of classification or shelving scheme
Koha item type Khmer Fic Books
Holdings
Withdrawn status Lost status Source of classification or shelving scheme Damaged status Not for loan Collection code Home library Current library Shelving location Date acquired Total Checkouts Full call number Barcode Date last seen Date checked out Price effective from Koha item type
          Siem Riep Asian Hope Secondary Library Asian Hope Secondary Library SECONDARY 08/08/2025 3 KHMER FIC KIM 208733 11/18/2025 11/11/2025 08/08/2025 Khmer Fic Books

For any Logos Library related questions please contact Miss Art at swongnarasuk@asianhope.org.

For any Asian Hope Library related questions please contact Miss Raza at graza@asianhope.org.

Powered by Koha